Normal view
MARC view
- الشرق الادنى - ثقافة- حضارة
Entry Topical Term
001 - CONTROL NUMBER
- control field: 14815
003 - CONTROL NUMBER IDENTIFIER
- control field: JO-AjAnu
005 - DATE AND TIME OF LATEST TRANSACTION
- control field: 20230606072650.0
008 - FIXED-LENGTH DATA ELEMENTS
- fixed length control field: 230606|| aca||aabn | a|a d
040 ## - CATALOGING SOURCE
- Original cataloging agency: JO-AjAnu
- Transcribing agency: JO-AjAnu
150 ## - HEADING--TOPICAL TERM
- Topical term or geographic name entry element: الشرق الادنى - ثقافة- حضارة
670 ## - SOURCE DATA FOUND
- Source citation: Work cat.: (JO-AjAnu)7607: تاليف Young، Cuyler؛ تحرير ينج، كويلر؛ ترجمة أيوب، عبد الرحمن محمد؛ مراجعة عفيفى، أبو العلا، مراجعة الصياد، محمد محمود, author 14814, الشرق الادنى: مجتمعه وثقافته